00553 2200193 4500001002100000005001500021035002000036245006600056100002200122250001100144300003600155856003600191700003700227260003500264082000800299084001400307020001800321600002000339INLIS00000000000281420211222091642 a0010-12210000091 aKUASA :bSebuah Studi Teologi alkitabiah /cHans- Ruedi Weber0 aHans- Ruedi Weber acet. 2 axiv+318 :bilustrasi ;c21cme- aperpustakaan umum kota makassar0 aPenerjemah: Samuel M. H. Siahaan aJakarta :bGunung Mulia,c1997 a230 a230 Web k a979-415-759-7 4aTeologi kristen